| 000 | 00756nam a2200253 4500 | ||
|---|---|---|---|
| 999 |
_c23415 _d23415 |
||
| 001 | vtls012148786 | ||
| 005 | 20221010083216.0 | ||
| 008 | 220914s2022 xo e 010 f slo | ||
| 020 |
_a9788056910252 _q(viazané) |
||
| 040 |
_aZKSE _bslo _cZKSE _dSNK _erda |
||
| 041 | 0 | _aslo | |
| 044 |
_axo _cSK |
||
| 072 | 7 |
_a821.162.4-3 _xSlovenská próza _2konspekt |
|
| 080 |
_a821.162.4-31 _22011 |
||
| 100 | 1 |
_aHrašková, Eva, _d1988- _4aut _91770 |
|
| 245 | 1 | 0 |
_aNebo vonia tebou _cEva Hrašková |
| 250 | _a2. vydanie | ||
| 264 | 1 |
_aBratislava _bMarenčin PT _c2022 |
|
| 300 |
_a252 strán _c21 cm |
||
| 336 |
_atext _btxt _2rdacontent |
||
| 337 |
_abez média _bn _2rdamedia |
||
| 338 |
_azväzok _bnc _2rdacarrier |
||
| 655 | 7 |
_aslovenské romány _2SNKPH _91694 |
|